Sports Quiz

Random Sports or Quote Quiz
Score 0/18 Timer 05:00
0 Plays Today
Quote Player/Manager % Correct
'Please don't call me arrogant, but I'm European champion and I think I'm a special one.'Jose Mourinho
85.1%
'I'd love it if we beat them, love it''Kevin Keegan
65.9%
'I didn't see that particular incident'Arsene Wenger
61.3%
'It was very personal things about my mama, my sister. I tried not to listen but he kept repeating the words. I'd rather have been punched in the face than have to hear those wordsZinedine Zidane
57.5%
“It’s getting tickly now - squeaky-bum time, I call it”.Alex Ferguson
51.3%
'Its a f****** disgrace!'Didier Drogba
39.9%
'I couldn't settle in Italy, it was like living in a foreign country'Ian Rush
33.9%
'I am looking forward to seeing some sexy football tonight'Ruud Gullit
29.6%
'My parents have always been there for me, ever since I was about 7'David Beckham
29%
Quote Player/Manager % Correct
'I think we make mistakes when we are down and our spirit has to come back and learn. That’s why there's certain people born into the world with terrible physical problems'Glen Hoddle
28.5%
We are not just, errrrr - how you shay - underdogs, but masshive underdogs'Steve McClaren
27.3%
'Which one of you is Simon Bird?'Joe Kinnear
18.6%
'If I had it in my power to introduce a ban on women driving cars and to withdraw all their licences, I would do it without thinking twice'Andrei Arshavin
12.5%
'Although I am not a vain person I believe I am the best footballer in the whole world'Ronaldinho
9.9%
'He was shouting back and I didn't know what he was saying but he started arguing and I thought he was going to hit me. So that's why I threw a punch.'Steven Gerrard
5.7%
'I will be watching 24 tonight. What a character Jack Bauer is. I wouldn't mind him having him in my team. He would do a great job at the back.'Gordon Strachan
4.9%
''Sometimes in football you have to score goals'Thierry Henry
2.6%
'One accusation you can’t throw at me is that I’ve always done my best.” Alan Shearer
2.4%
Remove Ads.
Support Sporcle.
Get the best of Sporcle when you Go Orange. This ad-free experience offers more features, more stats, and more fun while also helping to support Sporcle. Thank you for becoming a member.

You're not logged in!

Compare scores with friends on all Sporcle quizzes.
OR
Log In

Show Comments

Extras

Top Quizzes Today


Score Distribution

Your Account Isn't Verified!

In order to create a playlist on Sporcle, you need to verify the email address you used during registration. Go to your Sporcle Settings to finish the process.

Report this User

Report this user for behavior that violates our Community Guidelines.

Details: